| 000 | 00647nam a2200217Ia 4500 | ||
|---|---|---|---|
| 003 | GCL | ||
| 008 | 140319s9999 xx 000 0 ara d | ||
| 040 |
_aGCL / _cGCL |
||
| 082 | 0 | 4 |
_a338.27282 _bا ا |
| 100 | 1 | _aزهدى الشامى(مترجم) | |
| 245 | 1 | 0 |
_aالاوبك 00 فى الاقتصاد العالمى / _cزهدى الشامى(مترجم) |
| 700 | 1 | _aانوجيكيان، ر. و. | |
| 260 |
_a[S.N] : _bدار المستقبل العربى ، _c1985 |
||
| 300 | _a140 | ||
| 490 | _a | ||
| 650 | 0 | 4 | _aالاقتصاد |
| 650 | 0 | 4 | _aالتسويق |
| 650 | 0 | 4 | _aالبترول |
| 650 | 0 | 4 | _aالاسعار |
| 942 |
_2ddc _cBK |
||
| 999 |
_c34769 _d34769 |
||